Short cuts - book 1

Sparad:
Bibliografiska uppgifter
Huvudupphovsman: James Mentel
Materialtyp: Bok
Språk:Undetermined
Publicerad: New York McGraw-Hill 1996
Ämnen:
Taggar: Lägg till en tagg
Inga taggar, Lägg till första taggen!
Thư viện lưu trữ: Trung tâm Học liệu Trường Đại học Cần Thơ
LEADER 00501nam a2200193Ia 4500
001 CTU_54670
008 210402s9999 xx 000 0 und d
020 |b 30000 
082 |a 428.24 
082 |b M549/T1 
100 |a James Mentel 
245 0 |a Short cuts - book 1 
245 0 |c James Mentel 
260 |a New York 
260 |b McGraw-Hill 
260 |c 1996 
650 |a english language 
650 |x textbooks for foreign speakers 
980 |a Trung tâm Học liệu Trường Đại học Cần Thơ